Central Library OPAC University of Rajshahi

Marine insurance : (Record no. 49755)

MARC details
000 -LEADER
fixed length control field 01190nam a2200289 a 4500
001 - CONTROL NUMBER
control field 49755
003 - CONTROL NUMBER IDENTIFIER
rucl marc code BD-RjUL
005 - DATE AND TIME OF LATEST TRANSACTION
control field 20211209054726.0
008 - FIXED-LENGTH DATA ELEMENTS--GENERAL INFORMATION
fixed length control field 160822r1966 enk 001 0 eng d
035 ## - SYSTEM CONTROL NUMBER
System control number (BD-RjUL)49875
System control number (NNC)2399330
040 ## - CATALOGING SOURCE
Original cataloging agency CSF
Transcribing agency CSF
Modifying agency ZCU
Language of cataloging eng
041 ## - LANGUAGE CODE
Language code of text/sound track or separate title eng
082 ## - DEWEY DECIMAL CLASSIFICATION NUMBER
Classification number 368.22
Author mark and year TEM 1966
090 ## - LOCALLY ASSIGNED LC-TYPE CALL NUMBER (OCLC); LOCAL CALL NUMBER (OCLC)
Classification number (OCLC) (R) ; Classification number, CALL (RLIN) (NR) HE965
Local cutter number (OCLC) ; Book number/undivided call number, CALL (RLIN) .T24
100 1# - MAIN ENTRY--PERSONAL NAME
Personal name Templeman, Frederick,
Dates associated with a name 1866-1933.
9 (RLIN) 149156
245 10 - TITLE STATEMENT
Title Marine insurance :
Remainder of title its principles and practice /
Statement of responsibility, etc. by Frederick Templeman and C.T. Greenacre.
250 ## - EDITION STATEMENT
Edition statement 4th ed.
260 ## - PUBLICATION, DISTRIBUTION, ETC. (IMPRINT)
Place of publication, distribution, etc. London :
Name of publisher, distributor, etc. Macdonald & Evans,
Date of publication, distribution, etc. 1934 [Reprinted 1966]
300 ## - PHYSICAL DESCRIPTION
Pagination xxii, 408 p. ;
Size 26 cm.
500 ## - GENERAL NOTE
General note Appendix A. Marine insurance act, 1906.--Appendix B. Marine insurance (Gambling policies) act, 1909.--Appendix C. Maritime conventions act, 1911.--Appendix D. Rules of practice adopted by the Association of average adjusters up to May 1934.--Appendix E. York-Antwerp rules, 1924.--Appendix F. Institute clauses.
General note Include index
650 #0 - SUBJECT ADDED ENTRY--TOPICAL TERM
Topical term or geographic name as entry element Marine insurance
9 (RLIN) 149157
700 1# - ADDED ENTRY--PERSONAL NAME
Personal name Greenacre, Cyril Thomas,
Dates associated with a name 1899-,
Relator term author.
710 1# - ADDED ENTRY--CORPORATE NAME
Corporate name or jurisdiction name as entry element Great Britain.
Title of a work Laws, etc.
9 (RLIN) 134290
942 ## - ADDED ENTRY ELEMENTS (KOHA)
Source of classification or shelving scheme Dewey Decimal Classification
Koha item type Books
Holdings
Lost status Source of classification or shelving scheme Damaged status Not for loan Collection code Permanent Location Current Location Shelving location Date acquired Source of acquisition Cost, normal purchase price Total Checkouts Full call number Date last seen Copy number Koha item type Date checked out
  Dewey Decimal Classification     Non-fiction Central Library, University of Rajshahi Central Library, University of Rajshahi   27/05/1968 Zeitlinger 50.00   368.22 TEM 1966 22/08/2016 C-2 Books  
  Dewey Decimal Classification     Non-fiction Central Library, University of Rajshahi Central Library, University of Rajshahi   27/05/1968 Zeitlinger 50.00   368.22 TEM 1966 24/08/2016 C-3 Books  
  Dewey Decimal Classification     Non-fiction Central Library, University of Rajshahi Central Library, University of Rajshahi   27/05/1968 Zeitlinger 50.00 1 368.22 TEM 1955 09/05/2018 C-4 Books 09/05/2018
  Dewey Decimal Classification   Not For Loan Non-fiction Central Library, University of Rajshahi Central Library, University of Rajshahi Reading Room 05/09/1957 Pub. United Lmt. 43.14   368.22 TEM 1955 04/01/2017 C-1 Books